000 00462pab a2200169 454500
008 180718b2001 xxu||||| |||| 00| 0 eng d
100 _aVidhya, U.
245 _aWomen in psychological distress: evidence from a hospital-based study
260 _c2001
300 _ap.4081-087
362 _a27 Oct
650 _aWomens health services
700 _aVijayalakshmi, V.
700 _aKiranmayi, A.
773 _aEconomic and Political Weekly
909 _a50385
999 _c50385
_d50385